000
00311nam a2200121Ia 4500
008
210428s9999 xx 000 0 und d
082
_a
668.411 N338 L
100
_a
M.J.Neale
_9
52255
245
0
_a
Lubrication and Reliability Handbook
260
_b
Butter Worth
_a
India
_c
2001
300
_a
C5.2p.
942
_c
BK
999
_c
560049
_d
560049